El viaje al país de los houyhnhnms
Tallennettuna:
| Päätekijä: | |
|---|---|
| Aineistotyyppi: | Kirja |
| Kieli: | espanja |
| Julkaistu: |
Barcelona
Tusquets
1972
|
| Sarja: | Cuadernos Infimos, 36
|
| Aiheet: | |
| Tagit: |
Lisää tagi
Ei tageja, Lisää ensimmäinen tagi!
|
MARC
| LEADER | 00000nam a2200000 a 4500 | ||
|---|---|---|---|
| 001 | UCO5120 | ||
| 003 | CL-VaPUC | ||
| 008 | 000825e19720000SP |||||||||||||||||spa|d | ||
| 082 | 0 | 4 | |a 823 |b SWI |2 21 |
| 100 | 0 | |a Swift, Jonathan |e author |9 265806 | |
| 245 | 1 | 3 | |a El viaje al país de los houyhnhnms |
| 300 | |a 100 p | ||
| 942 | |c BK | ||
| 945 | |d 20000825 00:00:00 |a crobeson | ||
| 260 | |a Barcelona |b Tusquets |c 1972 | ||
| 650 | 0 | |a Novelas inglesas |9 265220 | |
| 650 | 0 | |a Literatura inglesa |9 312907 | |
| 583 | |a last modification |c 20000825 00:00:00 |k Rodrigo Vera | ||
| 490 | 0 | |a Cuadernos Infimos, 36 | |
| 999 | |c 291073 |d 291071 | ||
| 952 | |0 0 |1 0 |4 0 |6 823_000000000000000_SWI_1972 |7 0 |8 A |9 340732 |a BIBART |b BIBART |d 2019-11-20 |i 1219227 |o 823 SWI 1972 |p 1219227 |r 2025-03-13 |w 2019-11-20 |y BK |k ART | ||